[Event "Oberliga Baden 2122"]
[Site "Germany"]
[Date "2022.04.09"]
[Round "10.8"]
[White "Reichel, Jonathan"]
[Black "Guenther, Christian"]
[Result "1-0"]
[WhiteElo "2090"]
[BlackElo "1933"]
[PlyCount "125"]
[EventDate "2021.10.10"]
[EventType "team-tourn"]
[EventRounds "11"]
[EventCountry "GER"]
[SourceTitle "EXT 2023"]
[Source "ChessBase"]
[SourceDate "2022.10.05"]
[SourceVersion "1"]
[SourceVersionDate "2022.10.05"]
[SourceQuality "1"]
[WhiteTeam "Ettlingen"]
[BlackTeam "Hockenheim"]
[WhiteTeamCountry "GER"]
[BlackTeamCountry "GER"]

1. e4 c5 2. Nf3 d6 3. Bb5+ Nd7 4. 0-0 a6 5. Bd3 g6 6. Re1 Bg7 7. c3 b5 8. a4 c4 9. Bf1 Bb7 10. d4 cxd3 11. axb5 axb5 12. Rxa8 Qxa8 13. Bxd3 Ngf6 14. Bxb5 0-0 15. Nbd2 Rd8 16. Qe2 Nc5 17. Bd3 d5 18. e5 Nfe4 19. h3 Nxd3 20. Qxd3 Nc5 21. Qe3 Qc8 22. Nd4 Ba6 23. N2f3 Ne4 24. Nd2 Nc5 25. Rd1 Nd3 26. e6 f5 27. N2f3 f4 28. Qd2 Nc5 29. Qxf4 Nxe6 30. Nxe6 Qxe6 31. Re1 Qf6 32. Qc7 Re8 33. Bg5 Qf7 34. Rxe7 Rxe7 35. Qxe7 Qxe7 36. Bxe7 Kf7 37. Bc5 h6 38. Bd4 Bf8 39. Ne5+ Kf6 40. g3 h5 41. Kg2 Bd6 42. Nf3+ Ke6 43. Be3 Be5 44. Nh4 Bd3 45. f4 Bf6 46. Nf3 Kf5 47. Kf2 Ba6 48. Bd4 Be7 49. Ke3 g5 50. fxg5 Bxg5+ 51. Nxg5 Kxg5 52. Be5 Kf5 53. Bc7 Bf1 54. Kd4 Ke6 55. h4 Be2 56. Kc5 Kd7 57. Kb6 Kc8 58. b4 Bd3 59. b5 Be2 60. Bf4 Bd3 61. Be5 Be2 62. Kc6 Bf3 63. Bd4 1-0

[Event "GER Cup Net V3 U2400"]
[Site "Playchess.com INT"]
[Date "2020.05.27"]
[Round "5"]
[White "Reichel, Jonathan"]
[Black "Jahnz, Fabian"]
[Result "1-0"]
[WhiteElo "1984"]
[BlackElo "2095"]
[PlyCount "123"]
[EventDate "2020.05.27"]
[EventType "swiss (blitz)"]
[EventRounds "9"]
[EventCountry "GER"]
[SourceTitle "EXT 2021"]
[Source "ChessBase"]
[SourceDate "2020.10.23"]
[SourceVersion "1"]
[SourceVersionDate "2020.10.23"]
[SourceQuality "1"]

1. e4 d5 2. exd5 Qxd5 3. Nc3 Qd8 4. d4 Nf6 5. Bc4 a6 6. Nf3 b5 7. Bb3 c5 8. dxc5 Qxd1+ 9. Nxd1 e6 10. 0-0 Bxc5 11. Be3 Nbd7 12. Re1 Bb7 13. a4 b4 14. a5 0-0 15. Ba4 Bxe3 16. Nxe3 Nc5 17. Red1 Rfd8 18. h3 Rxd1+ 19. Nxd1 Rd8 20. Ne3 g6 21. Kf1 Kf8 22. Ke2 Ke7 23. Nc4 Be4 24. Bb3 Nd5 25. Ncd2 Nxb3 26. cxb3 Bxf3+ 27. Kxf3 e5 28. Nc4 Ke6 29. Rc1 Rc8 30. Rd1 Rc5 31. g3 f5 32. h4 h6 33. Ke2 Rc6 34. Ra1 Rc5 35. Rd1 Rb5 36. Rc1 Nf6 37. Rd1 Rd5 38. Ra1 Ne4 39. Ra4 Rb5 40. Ra1 Nc5 41. Rd1 Nxb3 42. Rd6+ Kf7 43. Rxa6 Nd4+ 44. Kd3 Rd5 45. Ra7+ Kf6 46. Ra6+ Ne6+ 47. Kc2 Kf7 48. Ra7+ Ke8 49. a6 Nc5 50. Ra8+ Ke7 51. a7 Rd7 52. Re8+ Kxe8 53. a8Q+ Rd8 54. Qc6+ Nd7 55. Nxe5 g5 56. Nxd7 Rxd7 57. Qxh6 gxh4 58. Qh5+ Ke7 59. gxh4 Ke6 60. Qg5 Rc7+ 61. Kb3 Ke5 62. Qg3+ 1-0

[Event "GER Cup Net V2 U2400"]
[Site "Playchess.com INT"]
[Date "2020.05.22"]
[Round "8"]
[White "Reichel, Jonathan"]
[Black "Marcziter, Dmitrii"]
[Result "1-0"]
[WhiteElo "1950"]
[BlackElo "2056"]
[PlyCount "115"]
[EventDate "2020.05.22"]
[EventType "swiss (blitz)"]
[EventRounds "9"]
[EventCountry "GER"]
[SourceTitle "EXT 2021"]
[Source "ChessBase"]
[SourceDate "2020.10.23"]
[SourceVersion "1"]
[SourceVersionDate "2020.10.23"]
[SourceQuality "1"]

1. e4 c5 2. Nf3 a6 3. c3 d5 4. exd5 Qxd5 5. d4 Nf6 6. Be3 cxd4 7. Nxd4 e5 8. Nf3 Qxd1+ 9. Kxd1 Bg4 10. Be2 Nc6 11. h3 Rd8+ 12. Nbd2 Bh5 13. Nh4 Bg6 14. Nxg6 hxg6 15. Bf3 e4 16. Be2 Be7 17. Kc2 0-0 18. Rad1 Rfe8 19. Nc4 b5 20. Nb6 Bf8 21. Rxd8 Rxd8 22. Rd1 Rxd1 23. Kxd1 Bd6 24. a4 bxa4 25. Bxa6 a3 26. bxa3 Bxa3 27. Bb7 Ne5 28. c4 Nd3 29. Nd5 Nc5 30. Nxf6+ gxf6 31. Bd5 f5 32. Kc2 Nd3 33. Kc3 Bb2+ 34. Kb3 Be5 35. c5 f4 36. Bxe4 fxe3 37. Bxd3 exf2 38. Kc4 Kf8 39. Kd5 Bg3 40. Kc6 Ke7 41. Kb7 Ke6 42. c6 Kd5 43. c7 Bxc7 44. Kxc7 Kd4 45. Ba6 f5 46. Kd6 Ke3 47. Ke5 Kd2 48. Kf6 Ke1 49. Kxg6 f4 50. h4 f1Q 51. Bxf1 Kxf1 52. Kg5 Kxg2 53. Kxf4 Kh3 54. h5 Kh4 55. h6 Kh5 56. h7 Kg6 57. h8Q Kf7 58. Qh6 1-0

[Event "GER Cup Net V1 U2400"]
[Site "Playchess.com INT"]
[Date "2020.05.19"]
[Round "3"]
[White "Vatter, Hans Joachim"]
[Black "Reichel, Jonathan"]
[Result "0-1"]
[WhiteElo "2041"]
[BlackElo "1873"]
[PlyCount "110"]
[EventDate "2020.05.19"]
[EventType "swiss (blitz)"]
[EventRounds "9"]
[EventCountry "GER"]
[SourceTitle "EXT 2021"]
[Source "ChessBase"]
[SourceDate "2020.10.23"]
[SourceVersion "1"]
[SourceVersionDate "2020.10.23"]
[SourceQuality "1"]

1. d4 Nf6 2. Bg5 Ne4 3. Bf4 e6 4. f3 Bb4+ 5. c3 Bd6 6. Bxd6 Nxd6 7. e4 f5 8. e5 Nf7 9. f4 b6 10. Nf3 Nc6 11. Bd3 Bb7 12. Nbd2 Qe7 13. Qe2 0-0-0 14. Ba6 Kb8 15. Bxb7 Kxb7 16. a4 g5 17. b4 Rhg8 18. a5 gxf4 19. axb6 cxb6 20. Qa6+ Kb8 21. b5 Na5 22. Nc4 d5 23. Nxa5 bxa5 24. Rxa5 Qb7 25. Qxe6 Ng5 26. Nxg5 Rxg5 27. 0-0 Rdg8 28. Rf2 f3 29. g3 f4 30. Qd6+ Qc7 31. Qxc7+ Kxc7 32. Rxa7+ Kb6 33. Rxh7 fxg3 34. Rxf3 gxh2+ 35. Kxh2 Rg2+ 36. Kh3 Rg1 37. Rf2 Kxb5 38. Rc7 Rh1+ 39. Rh2 Rh8+ 40. Kg4 R1xh2 41. Rc5+ Kb6 42. Rxd5 Rc2 43. Rc5 Rg2+ 44. Kf3 Rg6 45. Ke4 Rh4+ 46. Kd5 Rhh6 47. c4 Rh4 48. Rb5+ Kc7 49. Ra5 Rgg4 50. Ra7+ Kb6 51. Re7 Rxd4+ 52. Ke6 Rxc4 53. Kf6 Kc6 54. e6 Rhf4+ 55. Ke5 Rce4# 0-1

[Event "GER-ch Net Amateur Gr-A Final"]
[Site "Playchess.com INT"]
[Date "2020.04.18"]
[Round "10"]
[White "Moeller, Hendrik"]
[Black "Reichel, Jonathan"]
[Result "1-0"]
[WhiteElo "2155"]
[BlackElo "1971"]
[PlyCount "63"]
[EventDate "2020.04.18"]
[EventType "swiss (blitz)"]
[EventRounds "13"]
[EventCountry "GER"]
[SourceTitle "CBM 195 Extra"]
[Source "ChessBase"]
[SourceDate "2020.05.31"]
[SourceVersion "1"]
[SourceVersionDate "2020.05.31"]
[SourceQuality "1"]

1. c4 e5 2. g3 c6 3. d4 e4 4. Nc3 d5 5. Bg2 Nf6 6. Bg5 Nbd7 7. cxd5 cxd5 8. f3 Qa5 9. Qb3 Bb4 10. Rc1 0-0 11. a3 Bxc3+ 12. Qxc3 Qb6 13. Nh3 h6 14. Bxf6 Nxf6 15. 0-0 Be6 16. Nf4 Rac8 17. Qd2 exf3 18. exf3 Rc4 19. Nxe6 fxe6 20. Rxc4 dxc4 21. Re1 Rd8 22. Rd1 e5 23. Kf1 Qxd4 24. Qxd4 exd4 25. f4 b6 26. Bf3 Kf7 27. Kf2 Ke6 28. Re1+ Kd6 29. Re5 Re8 30. Rb5 Ne4+ 31. Kg2 Nc5 32. Rb4 1-0

[Event "GER-ch Net Amateur Gr-A Vor3"]
[Site "Playchess.com INT"]
[Date "2020.04.16"]
[Round "6"]
[White "Graf, Lucas"]
[Black "Reichel, Jonathan"]
[Result "0-1"]
[WhiteElo "2070"]
[BlackElo "1946"]
[PlyCount "108"]
[EventDate "2020.04.16"]
[EventType "swiss (blitz)"]
[EventRounds "9"]
[EventCountry "GER"]
[SourceTitle "CBM 195 Extra"]
[Source "ChessBase"]
[SourceDate "2020.05.31"]
[SourceVersion "1"]
[SourceVersionDate "2020.05.31"]
[SourceQuality "1"]

1. e4 e5 2. Nf3 Nc6 3. Bc4 Bc5 4. 0-0 Nf6 5. d3 0-0 6. Bg5 h6 7. Bh4 Be7 8. c3 Nh5 9. Bg3 Nxg3 10. hxg3 d6 11. Bb3 Bg4 12. Nbd2 Bg5 13. Qe1 Bf6 14. a4 Qd7 15. a5 a6 16. Nh2 Be6 17. Nhf3 Rad8 18. Qe3 d5 19. Bc2 Rfe8 20. Rfe1 d4 21. Qe2 dxc3 22. bxc3 Na7 23. c4 Nc6 24. Nb3 Qd6 25. Red1 Nb4 26. Rac1 Na2 27. Bb1 Nxc1 28. Rxc1 Bg4 29. Qe3 Bxf3 30. gxf3 Bg5 31. Qe1 Bxc1 32. Qxc1 Qb4 33. Qc2 Rd6 34. Ba2 Red8 35. Nc1 Qxa5 36. Kg2 Qa3 37. Bb3 Rb6 38. f4 exf4 39. gxf4 Rg6+ 40. Kf3 Qd6 41. Ne2 Rf6 42. d4 Qb4 43. e5 Rb6 44. Ba2 Qb2 45. Qe4 Qxa2 46. Kg4 Qxc4 47. Ng3 Qe6+ 48. f5 Qd5 49. Qf4 Qxd4 50. Ne4 Rb4 51. f3 Re8 52. e6 fxe6 53. f6 gxf6 54. Nxf6+ Kf7 0-1

[Event "GER-ch Net blitz qual5"]
[Site "Playchess.com INT"]
[Date "2020.03.28"]
[Round "3"]
[White "Reichel, Jonathan"]
[Black "Mossakowski, Florian"]
[Result "1-0"]
[WhiteElo "2092"]
[BlackElo "1973"]
[PlyCount "93"]
[EventDate "2020.03.28"]
[EventType "swiss (blitz)"]
[EventRounds "13"]
[EventCountry "GER"]
[SourceTitle "CBM 195 Extra"]
[Source "ChessBase"]
[SourceDate "2020.05.31"]
[SourceVersion "1"]
[SourceVersionDate "2020.05.31"]
[SourceQuality "1"]

1. e4 c5 2. Nf3 Nc6 3. Bb5 g6 4. Bxc6 dxc6 5. d3 Bg7 6. h3 Nf6 7. Nc3 Nd7 8. Be3 b6 9. Qd2 h6 10. 0-0 Nf8 11. Nh2 Ne6 12. f4 Nd4 13. Rae1 f5 14. e5 Be6 15. Nf3 Qd7 16. b3 0-0-0 17. a4 Nxf3+ 18. Rxf3 g5 19. a5 g4 20. hxg4 fxg4 21. Rff1 Bf5 22. axb6 axb6 23. Ra1 Kb7 24. Na4 Ra8 25. Bxc5 Qd5 26. Bxb6 Rxa4 27. Rxa4 Kxb6 28. Qb4+ Qb5 29. Qd4+ c5 30. Qc3 Rb8 31. Rfa1 Kc6 32. d4 Kd7 33. d5 Ke8 34. Ra8 Kf7 35. Rxb8 Qxb8 36. Qxc5 h5 37. Ra7 Bf8 38. d6 Qd8 39. dxe7 Bxe7 40. e6+ Bxe6 41. Qxh5+ Kg7 42. Qg5+ Kf7 43. Qh5+ Kg7 44. Qe5+ Kf7 45. f5 Qd1+ 46. Kh2 g3+ 47. Kxg3 1-0

[Event "GER-ch Net blitz qual5"]
[Site "Playchess.com INT"]
[Date "2020.03.28"]
[Round "8"]
[White "Winkels, Marcel"]
[Black "Reichel, Jonathan"]
[Result "0-1"]
[WhiteElo "1990"]
[BlackElo "2092"]
[PlyCount "120"]
[EventDate "2020.03.28"]
[EventType "swiss (blitz)"]
[EventRounds "13"]
[EventCountry "GER"]
[SourceTitle "CBM 195 Extra"]
[Source "ChessBase"]
[SourceDate "2020.05.31"]
[SourceVersion "1"]
[SourceVersionDate "2020.05.31"]
[SourceQuality "1"]

1. e4 e5 2. Nf3 Nc6 3. d4 exd4 4. Nxd4 Nf6 5. Nxc6 bxc6 6. Nc3 d5 7. e5 Ng4 8. Bf4 f6 9. h3 Nxe5 10. Bxe5 fxe5 11. Qh5+ g6 12. Qxe5+ Qe7 13. Qxe7+ Bxe7 14. 0-0-0 0-0 15. f3 a5 16. h4 a4 17. a3 Bf6 18. g4 Bxc3 19. bxc3 Rxf3 20. h5 Bxg4 21. hxg6 hxg6 22. Bd3 Bf5 23. Rhg1 Bxd3 24. cxd3 Kg7 25. Rde1 Rxd3 26. Kc2 Rf3 27. Re6 Rf6 28. Re7+ Kh6 29. Rxc7 Rg8 30. Kd3 g5 31. Kd4 g4 32. Kc5 Rgg6 33. Kb4 g3 34. Kxa4 g2 35. Kb4 Rf1 36. Rxg2 Rxg2 37. Rxc6+ Kg5 38. Kc5 Rd2 39. a4 Rf4 40. a5 Rc4+ 41. Kb6 Rxc6+ 42. Kxc6 Rd3 43. a6 Rxc3+ 44. Kxd5 Ra3 45. Kc5 Rxa6 46. Kb5 Rd6 47. Kc5 Rd1 48. Kc4 Kf4 49. Kc5 Ke5 50. Kc4 Rd8 51. Kc5 Rc8+ 52. Kb5 Kd5 53. Kb4 Rc7 54. Kb3 Kd4 55. Kb4 Rb7+ 56. Ka5 Kc5 57. Ka4 Rb8 58. Ka3 Kc4 59. Ka2 Kc3 60. Ka3 Ra8# 0-1